000 00597nam a2200157Ia 4500
008 160316s2011 xxu||||| |||| 00| 0 eng d
082 _a341.481000
_bALL
100 _aAllen Stephen
245 _aReflections on the UN Declaration on the Rights of Indigenous Peoples
250 _a
260 _aLondon
_bHart Publishing Company
_c2011
300 _a607p
_b
_cxi
365 _bRs. 4,009
650 _a1. United Nations - General Assembly. Declaration 2. Rights Of Indigenous Peoples 3. Indigenous Peoples - International Law 4. Indigenous Peoples - Legal Status
700 _aXanthaki Alexandra
_a
999 _c32010
_d32010